Nuestro témpano se derrite : cómo cambiar y tener éxito en condiciones adversas /

Por medio de un cuento protagonizado por pingüinos se ilustra la manera de salir adelante en un mundo que está cambiando. El argumento de la fábula es la historia de una colonia de pingüinos que viven en la Antártida y un acontecimiento descubierto por un miembro pone en peligro el hábitat pero casi...

Celý popis

Uloženo v:
Podrobná bibliografie
Hlavní autor: Kotter, John P. (autor)
Další autoři: Rathgeber, Holger (autor) (autor), Johnson, Spencer (prefacio) (prefacio)
Médium: Kniha
Jazyk:španělština
Vydáno: Bogotá, Colombia : Norma, 2007, c2007
Témata:
Tagy: Přidat tag
Žádné tagy, Buďte první, kdo vytvoří štítek k tomuto záznamu!

MARC

LEADER 00000nam^a2200000^a^4500
001 000300597
005 20250521000000.0
009 20260310112518.367
020 |a 978-958-04-9844-5 
037 |a Acervo ITESO - Biblioteca 
041 |a ESP 
082 |a 658. 409  |b KOT 
100 |a Kotter, John P.  |e (autor) 
245 1 0 |a Nuestro témpano se derrite :  |b cómo cambiar y tener éxito en condiciones adversas /  |c J.P. Kotter, H. Rathgeber ; pref. de S. Johnson ; il. de Peter Mueller ; tr. por Jorge Cárdenas Nannetti. 
264 4 |a Bogotá, Colombia :  |b Norma,  |c 2007, c2007 
300 |a 142 p. 
336 |a texto  |b txt  |2 rdacontenido 
337 |a sin mediación  |b n  |2 rdamedio 
338 |a volumen  |b nc  |2 rdasoporte 
500 |a Traducción de: Our Iceberg Is Melting, Changing and Succeeding Under Any Conditions 
520 |a Por medio de un cuento protagonizado por pingüinos se ilustra la manera de salir adelante en un mundo que está cambiando. El argumento de la fábula es la historia de una colonia de pingüinos que viven en la Antártida y un acontecimiento descubierto por un miembro pone en peligro el hábitat pero casi nadie le hace caso. Esto ilustra de cómo muchas personas se resisten al cambio y la existencia de actos heroicos para hacer frente a los obstáculos ilustran las tácticas para derrotarlos. 
649 |a XX 
650 |a Exito Administrativo -  |x Tema Principal 
650 |a Cambio Organizacional -  |x Tema Principal 
650 |a Proceso Administrativo -  |x Dirección 
650 |a Pingüinos en la Literatura 
650 |a Fábulas 
650 |a Ciencias Administrativas 
700 |a Rathgeber, Holger  |e (autor) 
700 |a Johnson, Spencer  |e (prefacio) 
910 |a Fondo General 
920 |a Impresos - Libros 
930 |a Colección General 
905 |a 101 
901 |a 0500225140  |b IT1  |c ACC  |i D61668  |u 20250521 
902 |a https://opac.biblio.iteso.mx/vufind/Record/000300597